[Event "GER-ch53 V03 email"]
[Site "GER email"]
[Date "2021.04.21"]
[Round "?"]
[White "Lemke, Burghard"]
[Black "Hinz, Horst"]
[Result "1/2-1/2"]
[WhiteElo "2092"]
[BlackElo "2041"]
[PlyCount "87"]
[EventDate "2021.04.21"]
[EventType "tourn (corr)"]
[EventRounds "10"]
[EventCountry "GER"]
[SourceTitle "Corr 2024"]
[Source "ChessBase"]
[SourceDate "2023.10.19"]
[SourceVersion "1"]
[SourceVersionDate "2023.10.19"]
[SourceQuality "1"]

1. e4 c5 2. c3 Nf6 3. Qc2 Nc6 4. Nf3 Qc7 5. d4 d5 6. exd5 Nxd5 7. Bc4 Nb6 8. Bb5 cxd4 9. 0-0 dxc3 10. Nxc3 e6 11. a4 a6 12. Bxc6+ bxc6 13. a5 Nd7 14. Bg5 Bb4 15. Bh4 0-0 16. Bg3 Bd6 17. Ng5 g6 18. Nce4 Bxg3 19. hxg3 c5 20. Rfd1 h6 21. Nf3 Bb7 22. Rxd7 Bxe4 23. Rxc7 Bxc2 24. Rc1 Ba4 25. Rc4 Bb5 26. R4xc5 Rfd8 27. Ne5 Be8 28. Rb7 Kf8 29. Rb6 h5 30. b3 Rd1+ 31. Kh2 Rf1 32. Rc2 Ra1 33. b4 Rd8 34. g4 h4 35. g5 Rdd1 36. Kh3 Rd4 37. Kh2 Rdd1 38. Kh3 Rd4 39. g3 hxg3 40. f3 Rh1+ 41. Kxg3 Rg1+ 42. Rg2 Rb1 43. Rh2 Rg1+ 44. Rg2 1/2-1/2

[Event "GER rap17 FSM/V05 email"]
[Site "GER email"]
[Date "2018.05.25"]
[Round "?"]
[White "Schelberg, Martin"]
[Black "Hinz, Horst"]
[Result "1-0"]
[WhiteElo "1570"]
[BlackElo "2039"]
[PlyCount "87"]
[EventDate "2018.06.12"]
[EventType "tourn (corr)"]
[EventRounds "4"]
[EventCountry "GER"]
[SourceTitle "Corr 2022"]
[Source "ChessBase"]
[SourceDate "2021.10.24"]
[SourceVersion "1"]
[SourceVersionDate "2021.10.24"]
[SourceQuality "1"]

1. e4 e5 2. Nf3 Nc6 3. Bb5 a6 4. Ba4 Nf6 5. d4 exd4 6. 0-0 Be7 7. Re1 b5 8. Bb3 d6 9. a4 Bg4 10. h3 Bxf3 11. Qxf3 Ne5 12. Qe2 0-0 13. f4 Ng6 14. axb5 axb5 15. Rxa8 Qxa8 16. Qxb5 c5 17. Qd3 Re8 18. c3 d5 19. Bxd5 Nxd5 20. exd5 Qxd5 21. cxd4 cxd4 22. Nc3 Qd8 23. Ne4 Bb4 24. Re2 Qc8 25. Rc2 Qb7 26. Ng5 h6 27. Nf3 Re4 28. f5 Nf4 29. Bxf4 Rxf4 30. Ne5 Bd6 31. Nc4 Qb5 32. Rf2 Rxf2 33. Kxf2 h5 34. Kf1 Be7 35. Ke2 Qb7 36. Kf1 Bf6 37. b3 Qa6 38. Kf2 Qa1 39. Nd6 Bg5 40. Nc4 Bh4+ 41. g3 Be7 42. h4 Bb4 43. Kf3 Qh1+ 44. Kf4 1-0

[Event "GER-ch49 V03 email"]
[Site "GER email"]
[Date "2017.04.03"]
[Round "?"]
[White "Franke, Heiko"]
[Black "Hinz, Horst"]
[Result "1/2-1/2"]
[WhiteElo "2377"]
[BlackElo "2270"]
[PlyCount "37"]
[EventDate "2017.??.??"]
[EventType "tourn (corr)"]
[EventRounds "10"]
[EventCountry "GER"]
[SourceTitle "Corr 2017"]
[Source "ChessBase"]
[SourceDate "2017.09.19"]
[SourceVersion "1"]
[SourceVersionDate "2017.09.19"]
[SourceQuality "1"]

1. e4 e5 2. Nf3 Nc6 3. Bb5 Nf6 4. 0-0 Nxe4 5. d4 Nd6 6. Bxc6 dxc6 7. dxe5 Nf5 8. Qxd8+ Kxd8 9. Rd1+ Ke8 10. Nc3 h6 11. h3 Be6 12. b3 Bb4 13. Ne2 Bd5 14. Ne1 Bxe1 15. Rxe1 c5 16. Bb2 Ke7 17. Nf4 Be6 18. Nh5 Rhd8 19. g4 1/2-1/2

[Event "GER-ch49 V03 email"]
[Site "GER email"]
[Date "2017.04.03"]
[Round "?"]
[White "Hinz, Horst"]
[Black "Koentges, Markus"]
[Result "1/2-1/2"]
[WhiteElo "2270"]
[BlackElo "2378"]
[PlyCount "37"]
[EventDate "2017.??.??"]
[EventType "tourn (corr)"]
[EventRounds "10"]
[EventCountry "GER"]
[SourceTitle "Corr 2020"]
[Source "ChessBase"]
[SourceDate "2019.09.30"]
[SourceVersion "1"]
[SourceVersionDate "2019.09.30"]
[SourceQuality "1"]

1. d4 Nf6 2. c4 e6 3. Nc3 Bb4 4. Nf3 0-0 5. e3 b6 6. Bd3 d5 7. 0-0 c5 8. cxd5 exd5 9. Bd2 c4 10. Be2 a5 11. b3 Bxc3 12. Bxc3 b5 13. Bb2 a4 14. bxc4 a3 15. Bc3 bxc4 16. Ne5 Ne4 17. Bb4 Re8 18. Bh5 Ra7 19. Bf3 1/2-1/2

[Event "GER-ch49 V03 email"]
[Site "GER email"]
[Date "2017.04.03"]
[Round "?"]
[White "Hinz, Horst"]
[Black "Osterburg, Klaus Juergen"]
[Result "1/2-1/2"]
[WhiteElo "2270"]
[BlackElo "2356"]
[PlyCount "57"]
[EventDate "2017.??.??"]
[EventType "tourn (corr)"]
[EventRounds "10"]
[EventCountry "GER"]
[SourceTitle "Corr 2020"]
[Source "ChessBase"]
[SourceDate "2019.09.30"]
[SourceVersion "1"]
[SourceVersionDate "2019.09.30"]
[SourceQuality "1"]

1. d4 d5 2. c4 e6 3. Nc3 c6 4. e3 Nf6 5. Nf3 Nbd7 6. Bd3 dxc4 7. Bxc4 b5 8. Bd3 Bd6 9. 0-0 0-0 10. Nd2 Qc7 11. f4 Bb7 12. a3 a5 13. Nde4 Nxe4 14. Nxe4 c5 15. Nxd6 Qxd6 16. Bxb5 Nf6 17. b3 Qd5 18. Ra2 cxd4 19. Bc4 Qf5 20. exd4 Ne4 21. Qd3 Bd5 22. Rc2 Rfc8 23. a4 Rab8 24. Ba3 h6 25. Re2 Bxc4 26. bxc4 Nd6 27. Qxf5 Nxf5 28. Bc5 Rb3 29. Rf3 1/2-1/2

[Event "GER-ch49 V03 email"]
[Site "GER email"]
[Date "2017.04.03"]
[Round "?"]
[White "Schneider, Karl"]
[Black "Hinz, Horst"]
[Result "1/2-1/2"]
[WhiteElo "2330"]
[BlackElo "2270"]
[PlyCount "51"]
[EventDate "2017.??.??"]
[EventType "tourn (corr)"]
[EventRounds "10"]
[EventCountry "GER"]
[SourceTitle "Corr 2017"]
[Source "ChessBase"]
[SourceDate "2017.09.19"]
[SourceVersion "1"]
[SourceVersionDate "2017.09.19"]
[SourceQuality "1"]

1. d4 Nf6 2. c4 e6 3. Nf3 b6 4. g3 Ba6 5. b3 Bb4+ 6. Bd2 Be7 7. Bg2 c6 8. Bc3 d5 9. Nbd2 Nbd7 10. Qc2 c5 11. 0-0 0-0 12. dxc5 Nxc5 13. Rac1 Rc8 14. Rfd1 Nce4 15. Nxe4 Nxe4 16. Ba1 b5 17. Qb2 Bf6 18. Ne5 Qb6 19. Bxe4 dxe4 20. c5 Rxc5 21. Rxc5 Qxc5 22. Nd7 Bxb2 23. Nxc5 Bxa1 24. Rxa1 Bc8 25. Nxe4 Rd8 26. f4 1/2-1/2

[Event "GER rap14 FSM/V01 email"]
[Site "GER email"]
[Date "2017.03.22"]
[Round "?"]
[White "Milde, Lars"]
[Black "Hinz, Horst"]
[Result "1/2-1/2"]
[WhiteElo "2074"]
[BlackElo "2025"]
[PlyCount "68"]
[EventDate "2017.03.27"]
[EventType "tourn (corr)"]
[EventRounds "4"]
[EventCountry "GER"]
[SourceTitle "Corr 2020"]
[Source "ChessBase"]
[SourceDate "2019.09.30"]
[SourceVersion "1"]
[SourceVersionDate "2019.09.30"]
[SourceQuality "1"]

1. e4 e5 2. Nf3 Nc6 3. Bb5 Nf6 4. d3 Bc5 5. Bxc6 dxc6 6. h3 Qe7 7. Nbd2 Nd7 8. Nc4 0-0 9. 0-0 a5 10. Bd2 a4 11. c3 b5 12. Ne3 Nb6 13. Qc2 Qf6 14. Kh2 Re8 15. b4 Be7 16. c4 bxc4 17. Nxc4 Nxc4 18. dxc4 Qe6 19. a3 f6 20. Rfd1 Qf7 21. Be3 Be6 22. Rac1 c5 23. b5 c6 24. Nd2 cxb5 25. cxb5 Reb8 26. Rb1 Qe8 27. b6 Qc6 28. Nc4 Kf8 29. Rdc1 Bxc4 30. Qxc4 Rxb6 31. Rxb6 Qxb6 32. Bxc5 Bxc5 33. Qxc5+ Qxc5 34. Rxc5 Rd8 1/2-1/2